| 000 | 00968cam a22003015a 4500 | ||
|---|---|---|---|
| 001 | 016621315 | ||
| 003 | OSt | ||
| 005 | 20201128021440.0 | ||
| 008 | 140129t2015 nyua frb 001 0 eng d | ||
| 020 | _a9781259095580 (pbk.) | ||
| 020 | _a1259095584 | ||
| 040 |
_aStDuBDS _beng _cStDuBDS _dUk _dEG-ScBUE |
||
| 082 | 0 | 4 |
_a657.046 _bHOY _222 |
| 100 | 1 |
_aHoyle, Joe Ben. _91432 |
|
| 245 | 1 | 0 |
_aAdvanced accounting / _cJoe B. Hoyle, Thomas F. Schaefer, Timothy S. Doupnik. |
| 250 | _a12th ed., McGraw-Hill international ed. | ||
| 260 |
_aNew York : _bMcGraw-Hill Education, _cc.2015. |
||
| 300 |
_axxiii, 904 p. : _bill. ; _c28 cm. |
||
| 500 | _aIndex : p. 893-904. | ||
| 504 | _aIncludes bibliographical references. | ||
| 650 | 7 |
_aAccounting. _2BUEsh _99036 |
|
| 651 | _2BUEsh | ||
| 653 |
_bBUSADM _cJuly2015 _cOctober2015 _cJanuary2016 |
||
| 655 |
_vReading book _934232 |
||
| 700 | 1 |
_aSchaefer, Thomas F. _91434 |
|
| 700 | 1 | _aDoupnik, Timothy S. | |
| 942 | _2ddc | ||
| 999 |
_c20375 _d20347 |
||